| Tag |
First Indicator |
Second Indicator |
Subfields |
| LEADER |
00000cam a2200000 4500 |
| 001 |
in00000680421 |
| 005 |
20151015170735.0 |
| 008 |
721102s1959 ncu b 00000 eng u |
| 010 |
|
|
|a 59008105
|
| 035 |
|
|
|a (OCoLC)00484691
|
| 035 |
|
|
|9 ACZ9957AM
|
| 040 |
|
|
|c WSU
|d TXA
|d UtOrBLW
|
| 049 |
|
|
|a TXAM
|
| 050 |
|
0 |
|a F1436
|b .M36 1959
|
| 082 |
0 |
|
|a 972.8
|b M388c
|
| 100 |
1 |
|
|a Martz, John D.
|
| 245 |
1 |
0 |
|a Central America :
|b the crisis and the challenge /
|c by John D. Martz.
|
| 264 |
|
1 |
|a Chapel Hill :
|b University of North Carolina Press,
|c [1959]
|
| 264 |
|
4 |
|c ©1959
|
| 300 |
|
|
|a 356 pages ;
|c 23 cm.
|
| 336 |
|
|
|a text
|b txt
|2 rdacontent
|
| 337 |
|
|
|a unmediated
|b n
|2 rdamedia
|
| 338 |
|
|
|a volume
|b nc
|2 rdacarrier
|
| 504 |
|
|
|a Includes bibliographical references and index.
|
| 651 |
|
0 |
|a Central America
|x Politics and government.
|
| 944 |
|
|
|a stk
|h REPL<1081936>REP-LATEST<>REF<warant>
|m Replacement on order
|
| 999 |
|
|
|a MARS
|
| 999 |
f |
f |
|s 436b8fc9-4a31-367f-b57c-0044f1d23f28
|i 08f44e9b-8c98-359f-a8c4-4cbcbed3beee
|t 0
|
| 952 |
f |
f |
|p ric
|a Texas A&M University
|b Rellis Campus
|c Joint Library Facility
|d Remote Storage
|t 0
|e F1436 .M36 1959
|h Library of Congress classification
|i unmediated -- volume
|m A14837355629
|
| 998 |
f |
f |
|a F1436 .M36 1959
|t 0
|l Remote Storage
|